| 000 | 01239cam a2200325 i 4500 | ||
|---|---|---|---|
| 001 | 17461628 | ||
| 003 | OSt | ||
| 005 | 20150408114202.0 | ||
| 008 | 120913s2012 nyu 001 0 eng | ||
| 010 | _a 2012028900 | ||
| 020 | _a9780071741200 | ||
| 020 | _a0071741208 | ||
| 040 |
_aDLC _beng _cDLC _erda _dDLC |
||
| 042 | _apcc | ||
| 050 | 0 | 0 |
_aQA76.73.J39 _bP69 2012 |
| 082 | 0 | 0 |
_a005.2762 _223 _bPTJ |
| 100 | 1 |
_aPowell, Thomas A., _d1968- |
|
| 245 | 1 | 0 |
_aJavaScript : _bthe complete reference / _cThomas A. Powell, Fritz Schneider. |
| 250 | _aThird edition. | ||
| 300 |
_axxi, 954 pages ; _c24 cm |
||
| 500 | _aIncludes index. | ||
| 650 | 0 |
_aJavaScript (Computer program language) _94798 |
|
| 700 | 1 |
_aSchneider, Fritz. _95000 |
|
| 856 | 4 | 2 |
_3Contributor biographical information _uhttp://www.loc.gov/catdir/enhancements/fy1301/2012028900-b.html |
| 856 | 4 | 2 |
_3Publisher description _uhttp://www.loc.gov/catdir/enhancements/fy1301/2012028900-d.html |
| 856 | 4 | 1 |
_3Table of contents only _uhttp://www.loc.gov/catdir/enhancements/fy1301/2012028900-t.html |
| 906 |
_a7 _bcbc _corignew _d1 _eecip _f20 _gy-gencatlg |
||
| 942 |
_2ddc _cDVD |
||
| 999 |
_c33097 _d267597 |
||